| 000 | 01164nam0a2200325 4500 | ||
|---|---|---|---|
| 001 | RU\NLR\b_ik\182798 | ||
| 005 | 20250616230820.0 | ||
| 010 | _a978-5-389-007-444 | ||
| 035 | _a(NLR Aleph) 002255332 | ||
| 090 |
_a3745002 _c3745002 |
||
| 100 | _a20100318d20092010|||y0rusy50 ca | ||
| 101 | 0 |
_afre _arus _aeng |
|
| 102 | _aRU | ||
| 105 | _aa ||||||||| | ||
| 200 | 9 |
_aEn Russies _dВ Россиях _dIn Russias _e[album _fphot.]: James Hill _g[textes: Pavel Chinsky _gtrad.: Inna Doulkina et al. _gEd. du Courier de Russie] _zrus _zeng |
|
| 210 |
_aMoscou _cGroupe Novy Vek Media _d[2009?] |
||
| 215 |
_a192, [15] c. _cил., цв. ил. _d29 |
||
| 300 | _aТекст парал. на фр., рус. и англ. яз. | ||
| 510 | 1 |
_aВ Россиях _zrus |
|
| 510 | 1 |
_aIn Russias _zeng |
|
| 541 | 0 |
_aВ Россиях _zrus |
|
| 600 | 0 | 1 |
_aХилл _bД. _gДжеймс _jАльбомы _92590866 _3RU\NLR\AUTH\661531120 |
| 686 | 1 | _aЩ163(4Вл)6-8Хилл | |
| 686 | 1 | _aЧ612.3(4Вл)6-8Хилл | |
| 700 | 1 |
_aHill _bJ. _gJames _4070 |
|
| 702 | 1 |
_aŠinskij _bP. _f1974- _gPavel _4570 |
|
| 801 | 0 |
_aRU _bNLR _c20100318 _gRCR |
|
| 942 | _cBOOK | ||
| 980 | _aNB | ||